000 00542nam a2200193Ia 4500
003 GCL
008 140319s9999 xx 000 0 ara d
040 _aGCL /
_cGCL
082 0 4 _aط
_b813.088
_bع ع
100 1 _aعبدالتواب يوسف
245 1 0 _aالعدالة /
_cعبدالتواب يوسف
260 _a[S.N] :
_bدار الرائد العربى
300 _a16 ص
490 _aعدل المسلمين
_v0
650 0 4 _aالاطفال
650 0 4 _aالقصص
650 0 4 _aالقصص الدينية
942 _2ddc
_cBK
999 _c57089
_d57089